00549nam a22001817a 450000500170000001000140001702000230003102000260005403500130008003700130009308200150010610000240012124500640014526000410020927000410025030000270029150000490031820100726114833.0 aENG-96746 a8183242642c495.00 a9788183242646c495.00 aEN-80279 bDBAD/PUB a307.760954 aTarun kumar Bahadur aUrbanisation in north-east india /cby Tarun Kumar Bahadur  aNew DelhibMittal Publicationsc2009 a4594/9,DaryaganjbNew Delhi e110002 axviii, 169pc22cm (Hb) aIncludes bibliographical refrences and index